000 01192cam a2200313 a 4500
001 14406776
005 20160708093919.0
008 060609s2006 enkab b 001 0 eng
010 _a 2006018927
015 _aGBA653918
_2bnb
016 7 _a013489986
_2Uk
020 _a0199295905 (alk. paper)
035 _a(OCoLC)ocm70107031
035 _a(OCoLC)70107031
040 _aDLC
_cDLC
_dUKM
_dBWKUK
_dDLC
050 0 0 _aG80
_b.F37 2006
082 0 0 _a910.9
_222
100 1 _aFernández-Armesto, Felipe.
245 1 0 _aPathfinders :
_ba global history of exploration /
_cFelipe Fernández-Armesto.
260 _aOxford ;
_aNew York :
_bOxford University Press,
_c2006.
300 _axvii, 428 p. :
_bill. (some col.), maps ;
_c25 cm.
504 _aIncludes bibliographical references and index.
650 0 _aDiscoveries in geography.
650 0 _aExplorers
_xHistory.
856 4 1 _3Table of contents only
_uhttp://www.loc.gov/catdir/toc/ecip0615/2006018927.html
906 _a7
_bcbc
_corignew
_d1
_eecip
_f20
_gy-gencatlg
942 _2lcc
_cBK
999 _c5015
_d5015